| 000 | 00313nam a2200097Ia 4500 | ||
|---|---|---|---|
| 008 | 220203s9999 xx 000 0 und d | ||
| 100 | _aGeorge Jacob | ||
| 245 | 0 | _aLabour Conditions in Rubber Estates: Report of a Study Conducted in 1972 | |
| 260 |
_bRubber Research Institute of India _aKottayam _c1974 |
||
| 942 | _cPN | ||
| 999 |
_c45095 _d45095 |
||